000 00971nam a2200229 a 4500
001 16808
003 CO-ViMGA
008 141112s2004 ck r 000 u spa d
020 _a8428325782
040 _aCO-ViMGA
_bspa
_cCO-ViMGA
082 0 4 _a641.5 P698
100 1 _aPozuelo Talavera, Juan; Peres Peres, Miguel Ángel
_923769
245 1 0 _aTecnicas Culinarias
260 _aMadríd (España),
_cParaninfo,
_c2000
300 _a199.p.il.fotos
490 _aHosteleria y Turismo
505 _aMetodos de cocción Procesos de conservación de los alimentos Fondos, ligazones y mantequillas compuestas Confección de salsas ligadas y emulsionadas Condimentos Cremas potajes - potages sopas Hortalizas , tuberculos y ensaladas La pasta Italiana y los arroces Las carnes Los huevos Pescados, mariscos y moluscos
590 _aForma de adquisición : Premio - Mincultura
650 1 4 _aCOCINA - RECETAS
_923770
650 1 4 _aCULNARIA - RECETAS
_923771
942 _2ddc
_cBK
999 _c26458
_d26458